| 000 | 00491nam a2200157 4500 | ||
|---|---|---|---|
| 001 | 123136 | ||
| 003 | ES-MaACL | ||
| 005 | 20230906192122.0 | ||
| 007 | t| | ||
| 008 | 070214s1964 sp r ||||0| spa d | ||
| 245 | 0 | 1 | _a¿Qué es el plan de desarrollo?. |
| 260 |
_aMadrid : _bComisaría del Plan de Desarrollo Económico, _c1964. |
||
| 300 |
_a32 h ; _c22 cm. |
||
| 710 | 0 | 0 |
_aEspaña. _bComisaría del Plan de Desarrollo Económico y Social. _93631 |
| 852 |
_aES-MaACL _j2050-F-29 _bR.55778 |
||
| 999 |
_c123136 _d123136 |
||